000 00720nam a2200277Ia 4500
005 20260324123615.0
008 008 260324s9999 xx 000 0 eng d
020 _a9780080926803
037 _aEBOOK
040 _aCRL
040 _beng
040 _cCRL
041 _2eng
041 _aeng
084 _qCRL
100 _aElizabeth Allen; Sophie Triantaphillidou; Geoffrey G Attridge; Robin Jenkins; Sidney Ray; Efthimia Bilissi
_91170950
245 4 _aThe Manual of Photography
260 _bTaylor and Francis
260 _c2011
365 _a
365 _b300
856 _uhttp://www.taylorfrancis.com/books/9780080926803
942 _cEBOOK
999 _c1764624
_d1764624